Statistieken voor De VS door grenzen

Klik hier om de quiz te nemen!

Algemene statistieken

  • Deze quiz is 105 keer genomen
  • De gemiddelde score is 43 van 50

Antwoorden op de kaart

Antwoorden kleurgecodeerd door een groen-rode schaal op de quizkaart volgens % correct hieronder.
 

Antwoordstatistieken

Bordering StatesState% Correct
Arizona, Colorado, Oklahoma, Texas, UtahNew Mexico
98%
Connecticut, Massachusetts, New Jersey, Pennsylvania, VermontNew York
98%
Delaware, Maryland, New Jersey, New York, Ohio, West VirginiaPennsylvania
98%
California, Colorado, Nevada, New Mexico, UtahArizona
97%
Connecticut, New Hampshire, New York, Rhode Island, VermontMassachusetts
97%
Delaware, New York, PennsylvaniaNew Jersey
97%
Arkansas, Louisiana, New Mexico, OklahomaTexas
97%
Arizona, Colorado, Idaho, Nevada, New Mexico, WyomingUtah
97%
Florida, Georgia, Mississippi, TennesseeAlabama
95%
Louisiana, Mississippi, Missouri, Oklahoma, Tennessee, TexasArkansas
95%
Arizona, Kansas, Nebraska, New Mexico, Oklahoma, Utah, WyomingColorado
95%
Alabama, Florida, North Carolina, South Carolina, TennesseeGeorgia
95%
Arkansas, Mississippi, TexasLouisiana
95%
Arizona, California, Idaho, Oregon, UtahNevada
95%
Arkansas, Colorado, Kansas, Missouri, New Mexico, TexasOklahoma
95%
California, Idaho, Nevada, WashingtonOregon
95%
Massachusetts, New York, Rhode IslandConnecticut
94%
Alabama, GeorgiaFlorida
94%
Montana, Nevada, Oregon, Utah, Washington, WyomingIdaho
94%
Massachusetts, New Hampshire, New YorkVermont
94%
Alabama, Arkansas, Georgia, Kentucky, Mississippi, Missouri, North Carolina, VirginiaTennessee
92%
Colorado, Idaho, Montana, Nebraska, South Dakota, UtahWyoming
92%
Arizona, Nevada, OregonCalifornia
90%
Idaho, North Dakota, South Dakota, WyomingMontana
87%
Iowa, Minnesota, Montana, Nebraska, North Dakota, WyomingSouth Dakota
85%
Kentucky, Maryland, North Carolina, Tennessee, West VirginiaVirginia
85%
Illinois, Indiana, Missouri, Ohio, Tennessee, Virginia, West VirginiaKentucky
84%
Colorado, Iowa, Kansas, Missouri, South Dakota, WyomingNebraska
84%
Georgia, South Carolina, Tennessee, VirginiaNorth Carolina
84%
Alabama, Arkansas, Louisiana, TennesseeMississippi
82%
Indiana, Kentucky, Michigan, Pennsylvania, West VirginiaOhio
81%
Idaho, OregonWashington
81%
Kentucky, Maryland, Ohio, Pennsylvania, VirginiaWest Virginia
81%
Indiana, Ohio, WisconsinMichigan
79%
Minnesota, Montana, South DakotaNorth Dakota
79%
Illinois, Kentucky, Michigan, OhioIndiana
77%
Iowa, North Dakota, South Dakota, WisconsinMinnesota
77%
Arkansas, Illinois, Iowa, Kansas, Kentucky, Nebraska, Oklahoma, TennesseeMissouri
77%
Illinois, Iowa, Michigan, MinnesotaWisconsin
77%
Alaska
76%
Illinois, Minnesota, Missouri, Nebraska, South Dakota, WisconsinIowa
74%
Delaware, Pennsylvania, Virginia, West VirginiaMaryland
74%
Maine, Massachusetts, VermontNew Hampshire
73%
Colorado, Missouri, Nebraska, OklahomaKansas
71%
New HampshireMaine
71%
Connecticut, MassachusettsRhode Island
68%
Hawaii
66%
Indiana, Iowa, Kentucky, Missouri, WisconsinIllinois
66%
Georgia, North CarolinaSouth Carolina
66%
Maryland, New Jersey, PennsylvaniaDelaware
63%

Scoreverdeling

Percentiel versus Aantal Correcte Antwoorden

Procent van Mensen met Elke Score

Uw Scoregeschiedenis

U heeft deze quiz nog niet genomen